Haikyuu Charaktere benennen (einfach) - Statistiken

Allgemein
  • Dieses Quiz wurde 71 mal gespielt
  • Das Durchschnittsergebnis liegt bei 9 aus 12
Antwortstatistiken
Bildquiz Antwort % Korrekt
Shoyo Hinata
100%
Tobio Kageyama
94%
Toru Oikawa
91%
Kenma Kozume
87%
Daichi Sawamura
77%
Kotaro Bokuto
72%
Tetsuro Kuroo
68%
Keishin Ukai
66%
Atsumu Miya
62%
Wakatoshi Ushijima
55%
Takanobu Aone
49%
Hajime Iwaizumi
45%
Keine übereinstimmenden Quizze gefunden
Verteilung der Resultate
Anzahl Personen mit jedem Resultat
Perzentil nach korrekt beantworteten Fragen
Ihre Resultats-Entwicklung
Sie haben dieses Quiz noch nicht gespielt